For such a time as this (a collection of biblical essays)

Saved in:
Bibliographic Details
Main Author: KOLAJO, A. A.
Format: Book
Language:English
Published: Spectrum Books 1995
Tags: Add Tag
No Tags, Be the first to tag this record!

MARC

LEADER 00000nam a22000007a 4500
008 201216b ||||| |||| 00| 0 eng d
020 |a  ISBN: 978-029-306-X 
100 |a KOLAJO, A. A. 
245 |a For such a time as this  |b (a collection of biblical essays)  |c A. A. Kolajo  |g xiii, 199p.  
260 |b Spectrum Books  |c 1995  |h Ibadan:  |i 642894   |l BT751.2 .K83  |m Salvation.  |m  Missions 
500 |a “It includes index”. 
942 |a lcc  |c BK  |e Olagoke,M. A  |f 16/12/2020 
952 |0 0  |1 0  |2 lcc  |4 0  |6 BT07512 K83  |7 0  |9 587  |a HOL  |b HOL  |c AF  |d 2020-12-16  |l 0  |o BT751.2 .K83  |p 2020-22906  |r 2020-12-16 00:00:00  |w 2020-12-16  |y BK 
999 |c 327  |d 327